LEADER 00949nam a2200205 i 4500 001 000000143754 003 CaOOAMICUS 005 20100330000000.0 008 100330s1579 it u000 u ita u 013 $a119112 040 $aSeMil$bita 245 13$aLa civil conversatione, divisa in quattro libri. 260 $aVenezia :$bpresso Altobello Salicato,$c1579. 300 $a14 x 20 ;$ccc. 184 ;$crom. 500 $aDescrizione da : Incunaboli e Cinquecentine della Biblioteca del Seminario di Milano / catalogo a cura di Ubaldo Valentini, Milano 1981. - Numero di catalogo : 798. 700 1 $aGuazzo, Stefano,$d<1530-1593>.$0(OLS)http://semarc/name/34547 850 $aSeMil 852 $aSeMil$W1$xVenegono$y1$mFV.F II 83$j96800$B96800$CSeMilBibl$Z2$F104199 $86 996 $6245$aLa civil conversatione, divisa in quattro libri$9(OLS)http://semarc/title/210381 996 $6260$aVenezia :$bpresso Altobello Salicato$9(OLS)http://semarc/publisher/47588 LEADER 01196nam a2200241 4500 001 000000350858 003 CaOOAMICUS 005 20220712103104.0 008 220707s1825 fr 000 u fre r 026 $ee.ui n.e- esdu qude (3) 1825 (A) 040 $aSeMil$bita 100 11$aTasso, Torquato,$d<1544-1595>.$0(OLS)http://semarc/name/1240 245 10$aTome 1. 264 1$aLons-le-Saunier :$bchez Escalle et comp., libraires,$c1825. 300 $a[4], 200 p. ;$c18° 500 $aSegn.: ?² A¹² B? C¹² D? E¹² F? G¹² H? I¹²(-1) K? L¹² 500 $aMutilo delle cc. L11-12 773 0 $aTasso, Torquato <1544-1595>$tJe?rusalem de?livre?e, poëme traduit de l'italien.$dLons-le-Saunier : chez Escalle et comp., libraires, 1825 (Lons-Le-Saunier : Imprimerie de Gauthier)$bNouvelle e?dition, revue, corrige?e et enrichie de la Vie du Tasse$g1$w()350857 850 $aSeMil 852 $aSeMil$W1$xVenegono$y1$m2ZB IX 33 FA$j233506$B241899$CSeMilBibl$Z2$F241899 $8I 996 $6245$aTome 1$9(OLS)http://semarc/title/1447 996 $6264$aLons-le-Saunier :$bchez Escalle et comp., libraires$9(OLS)http://semarc/publisher/60493